Vies des hommes illustres / (Record no. 162307)

MARC details
000 -LEADER
campo de control de longitud fija 00857nam a22002415i 4500
001 - NÚMERO DE CONTROL
campo de control 162307
003 - IDENTIFICADOR DE NÚMERO DE CONTROL
campo de control ES-MaACL
005 - FECHA Y HORA DE LA ÚLTIMA TRANSACCIÓN
campo de control 20251003175826.0
008 - DATOS DE LONGITUD FIJA--INFORMACIÓN GENERAL
campo de control de longitud fija 010730s1858 fr |||| |cfre d
040 ## - FUENTE DE CATALOGACIÓN
Centro catalogador/agencia de origen CCPB | B
Lengua de catalogación spa
Centro/agencia transcriptor CCPB | B
100 0# - ENTRADA PRINCIPAL--NOMBRE DE PERSONA
Nombre de persona Plutarco
9 (RLIN) 92678
245 10 - MENCIÓN DEL TÍTULO
Título Vies des hommes illustres /
Mención de responsabilidad, etc. de Plutarque ; traduction nouvelle par Alexis Pierron.
250 ## - MENCION DE EDICION
Mención de edición 3éme éd., entièrement rev. et corr.
260 ## - PUBLICACIÓN, DISTRIBUCIÓN, ETC.
Lugar de publicación, distribución, etc. Paris :
Nombre del editor, distribuidor, etc. Charpentier,
Fecha de publicación, distribución, etc. 1858 (
Fabricante Imprimerie de P.A. Bourdier et Cie.)
300 ## - DESCRIPCIÓN FÍSICA
Extensión 4 v. (647, 669, 626, 598 p.) ;
Dimensiones 18 cm.
650 04 - PUNTO DE ACCESO ADICIONAL DE MATERIA--TÉRMINO DE MATERIA
Término de materia o nombre geográfico como elemento de entrada Romanos-
Subdivisión general Biografías.
9 (RLIN) 16942
650 04 - PUNTO DE ACCESO ADICIONAL DE MATERIA--TÉRMINO DE MATERIA
Término de materia o nombre geográfico como elemento de entrada Griegos-
Subdivisión general Biografías.
9 (RLIN) 13163
650 07 - PUNTO DE ACCESO ADICIONAL DE MATERIA--TÉRMINO DE MATERIA
Término de materia o nombre geográfico como elemento de entrada Historia antigua
Fuente del encabezamiento o término embne
9 (RLIN) 13385
700 1# - ENTRADA AGREGADA--NOMBRE PERSONAL
Nombre de persona Pierron, Alexis,
Fechas asociadas al nombre 1814-1878
9 (RLIN) 131151
852 ## - LOCALIZACIÓN
Ubicación ES-MaACL
Número de control de estantería G-10272-75
Nota libre -- Enc. hol.
Holdings
Estatus retirado Estado de pérdida Estado de daño No para préstamo Colección Biblioteca de origen Biblioteca actual Ubicación en estantería Fecha de adquisición Total de préstamos Signatura topográfica completa Código de barras Visto por última vez Precio de reemplazo Tipo de ítem Koha
        Libros del s. XIX Biblioteca del Ateneo de Madrid Biblioteca del Ateneo de Madrid Sala Pecera Planta 3 17/01/2008   G-10272-75 1170040 23/02/2023 23/02/2023 Libro impreso antiguo